Central Library OPAC University of Rajshahi

ইখতিয়ারউদ্দীন মোহাম্মদ বখতিয়ার খলজি : (Record no. 76916)

MARC details
000 -LEADER
fixed length control field 01103nam a22002417a 4500
001 - CONTROL NUMBER
control field 76916
003 - CONTROL NUMBER IDENTIFIER
rucl marc code BD-RjUL
005 - DATE AND TIME OF LATEST TRANSACTION
control field 20211209082914.0
008 - FIXED-LENGTH DATA ELEMENTS--GENERAL INFORMATION
fixed length control field 200205s2019 bg ||||| |||| 00| 0 ben d
020 ## - INTERNATIONAL STANDARD BOOK NUMBER
International Standard Book Number 9789843459381
035 ## - SYSTEM CONTROL NUMBER
System control number (BD-RjUL)
040 ## - CATALOGING SOURCE
Original cataloging agency BD-RjUL
Language of cataloging eng
Transcribing agency BD-RjUL
041 ## - LANGUAGE CODE
Language code of text/sound track or separate title eng
082 ## - DEWEY DECIMAL CLASSIFICATION NUMBER
Edition number 23
Classification number 954.0234092
Author mark and year RAI 2019
245 ## - TITLE STATEMENT
Title ইখতিয়ারউদ্দীন মোহাম্মদ বখতিয়ার খলজি :
Remainder of title (বাংলার প্রথম পূর্ণাঙ্গ জীবনীগ্রন্থ) /
Statement of responsibility, etc. সরদার আবদুর রহমান
260 ## - PUBLICATION, DISTRIBUTION, ETC. (IMPRINT)
Place of publication, distribution, etc. ঢাকা :
Name of publisher, distributor, etc. দিব্য প্রকাশ,
Date of publication, distribution, etc. ২০১৯
300 ## - PHYSICAL DESCRIPTION
Pagination ২৭২ পৃ. :
Illustrations চিত্র, ম্যাপ ;
Size ২২ সেমি.
504 ## - BIBLIOGRAPHY, ETC. NOTE
Bibliography, etc বিবলিওগ্রাফি ও ইনডেক্স সম্বলিত।
600 ## - SUBJECT ADDED ENTRY--PERSONAL NAME
Personal name Khalji, Bakhtiyar
Titles and other words associated with a name Ikhtyiar Uddin Muhammad bin
General subdivision Biography
650 ## - SUBJECT ADDED ENTRY--TOPICAL TERM
Topical term or geographic name as entry element Khilji dynasty.
9 (RLIN) 238913
Topical term or geographic name as entry element ʻAlāʼ al-Dīn,
General subdivision Sultan of Delhi,
Chronological subdivision 1315.
9 (RLIN) 238914
942 ## - ADDED ENTRY ELEMENTS (KOHA)
Source of classification or shelving scheme Dewey Decimal Classification
Koha item type Books
Holdings
Lost status Source of classification or shelving scheme Damaged status Not for loan Permanent Location Current Location Shelving location Date acquired Source of acquisition Cost, normal purchase price Total Checkouts Full call number Date last seen Copy number Koha item type
  Dewey Decimal Classification   Not For Loan Central Library, University of Rajshahi Central Library, University of Rajshahi Reading Room 08/12/2019 Heritage Rajshahi 450.00   B 954.0234092 RAI 2019 06/02/2020 C-1 Books
  Dewey Decimal Classification     Central Library, University of Rajshahi Central Library, University of Rajshahi   08/12/2019 Heritage Rajshahi 450.00   B 954.0234092 RAI 2019 06/02/2020 C-2 Books